Personality profiles of police executives: an analysis based on the Hogan Personality Inventory and the Hogan Development Survey

Guardado en:  
Detalles Bibliográficos
Autor principal: Mirabile, Hector (Autor)
Tipo de documento: Print Libro
Lenguaje:Inglés
Publicado: 2008
En:Año: 2008
Verificar disponibilidad: HBZ Gateway
Servicio de pedido Subito: Pedir ahora.
Palabras clave:

MARC

LEADER 00000cam a2200000 c 4500
001 1355750520
003 DE-627
005 20220527150403.0
007 tu
008 080916s2008 xx ||||| m 00| ||eng c
024 8 |a  3296777  |q Order no. 
035 |a (DE-627)1355750520 
035 |a (DE-576)285750526 
035 |a (DE-599)BSZ285750526 
040 |a DE-627  |b ger  |c DE-627  |e rakwb 
041 |a eng 
100 1 |a Mirabile, Hector  |4 aut 
245 1 0 |a Personality profiles of police executives  |b an analysis based on the Hogan Personality Inventory and the Hogan Development Survey  |c by Hector Mirabile 
264 1 |c 2008 
300 |a IX, 140 S. 
336 |a Text  |b txt  |2 rdacontent 
337 |a ohne Hilfsmittel zu benutzen  |b n  |2 rdamedia 
338 |a Band  |b nc  |2 rdacarrier 
502 |a Capella Univ., Diss., 2008 
583 1 |a Archivierung prüfen  |c 20200919  |f DE-640  |z 1  |2 pdager 
655 7 |a Hochschulschrift  |0 (DE-588)4113937-9  |0 (DE-627)105825778  |0 (DE-576)209480580  |2 gnd-content 
935 |a mkri 
951 |a BO 
ELC |b 1 
LOK |0 000 xxxxxcx a22 zn 4500 
LOK |0 001 2580531408 
LOK |0 003 DE-627 
LOK |0 004 1355750520 
LOK |0 005 20080916134621 
LOK |0 008 080916||||||||||||||||ger||||||| 
LOK |0 040   |a DE-Frei85  |c DE-627  |d DE-Frei85 
LOK |0 852   |z Kopie, erschienen im Verlag Univ., Microfilms Internat., Ann Arbor, 2008 
LOK |0 852   |a DE-Frei85 
LOK |0 852 1  |m p  |9 00 
LOK |0 938   |k p 
LOK |0 939   |a 16-09-08  |b l01 
ORI |a SA-MARC-krimdoka001.raw